header

Medical isotope production without highly enriched uranium (Record no. 59141)

MARC details
000 -LEADER
fixed length control field 01801nam a2200361 a 4500
245 10 - TITLE STATEMENT
Title Medical isotope production without highly enriched uranium
260 ## - PUBLICATION, DISTRIBUTION, ETC. (IMPRINT)
Place of publication Washington, D.C. :
Name of publisher National Academies Press,
Year of publication 2009.
300 ## - PHYSICAL DESCRIPTION
Number of Pages xvii, 202 p. :
Other physical details ill. (some col.).
650 #0 - SUBJECT ADDED ENTRY--TOPICAL TERM
Topical Term Uranium
Topical Term Highly enriched uranium
Topical Term Molybdenum
Topical Term Technetium
Topical Term Radioisotopes
Topical Term Nuclear medicine
856 40 - ELECTRONIC LOCATION AND ACCESS
Uniform Resource Identifier http://site.ebrary.com/lib/rucke/Doc?id=10315882

No items available.

© 2026 Rongo University
Contact us: librarian | system librarian | Rongo university